[Event "2BLN 1920 SK König Tegel - Hamburger SK"]
[Site "?"]
[Date "2021.08.08"]
[Round "10.2"]
[White "Rabiega, Robert"]
[Black "Voigt, Roland"]
[Result "1/2-1/2"]
[WhiteElo "2511"]
[BlackElo "2451"]
[PlyCount "35"]
[EventDate "2021.??.??"]

1. e4 d6 2. d4 Nf6 3. Nd2 g6 4. Bc4 c6 5. Bb3 Bg7 6. Ngf3 O-O 7. O-O Qc7 8. Re1
e5 9. c3 b5 10. a4 a6 11. Nf1 Bb7 12. Ng3 Nbd7 13. h3 c5 14. d5 c4 15. Bc2 Nc5
16. Be3 Rfb8 17. Qd2 Bc8 18. Ra3 1/2-1/2

[Event "2BLN 1920 SK König Tegel - Hamburger SK"]
[Site "?"]
[Date "2021.08.08"]
[Round "10.3"]
[White "Bracker, Frank"]
[Black "Richter, Michael"]
[Result "1/2-1/2"]
[WhiteElo "2380"]
[BlackElo "2501"]
[PlyCount "46"]
[EventDate "2021.??.??"]

1. c4 e6 2. g3 Nf6 3. Bg2 d5 4. Nf3 Be7 5. O-O O-O 6. b3 b6 7. Bb2 Bb7 8. e3
dxc4 9. bxc4 c5 10. Qe2 Nbd7 11. d3 Qc7 12. Nc3 Rad8 13. Rad1 Rfe8 14. Ne1 a6
15. f4 Bxg2 16. Qxg2 b5 17. cxb5 axb5 18. Nxb5 Qa5 19. Nc3 c4 20. Qe2 Bb4 21.
Rc1 Nd5 22. Nxd5 exd5 23. Bd4 Nc5 1/2-1/2

[Event "2BLN 1920 SK König Tegel - Hamburger SK"]
[Site "?"]
[Date "2021.08.08"]
[Round "10.4"]
[White "Muse, Mladen"]
[Black "Colpe, Malte"]
[Result "1/2-1/2"]
[WhiteElo "2389"]
[BlackElo "2359"]
[PlyCount "37"]
[EventDate "2021.??.??"]

1. Nf3 d5 2. g3 Nf6 3. Bg2 e6 4. O-O Be7 5. d4 O-O 6. b3 b6 7. c4 Bb7 8. Ne5
Nbd7 9. Nc3 c6 10. Bb2 Nxe5 11. dxe5 Nd7 12. cxd5 cxd5 13. Rc1 Rc8 14. Nb5 Rc5
15. a4 Rxc1 16. Qxc1 a6 17. Nd4 Qb8 18. f4 Rc8 19. Qe3 1/2-1/2

[Event "2BLN 1920 SK König Tegel - Hamburger SK"]
[Site "?"]
[Date "2021.08.08"]
[Round "10.5"]
[White "Kramer, Julian"]
[Black "Bruedigam, Martin"]
[Result "1/2-1/2"]
[WhiteElo "2419"]
[BlackElo "2386"]
[PlyCount "89"]
[EventDate "2021.??.??"]

1. e4 e5 2. Nf3 Nc6 3. Bc4 Bc5 4. c3 Nf6 5. d4 exd4 6. e5 d5 7. Bb5 Ne4 8. cxd4
Bb6 9. h3 O-O 10. O-O Bd7 11. a4 a5 12. Nc3 Nb4 13. Bxd7 Qxd7 14. Be3 Rfd8 15.
Na2 Nxa2 16. Rxa2 c5 17. dxc5 Bxc5 18. Bd4 Rac8 19. Re1 h6 20. Ra1 Ng5 21. Nxg5
hxg5 22. b3 Qf5 23. Bxc5 Rxc5 24. Qd4 Rc2 25. Rac1 Rdc8 26. Rxc2 Rxc2 27. Rf1
Qe4 28. Qxe4 dxe4 29. Rd1 Rb2 30. Rd8+ Kh7 31. Rd7 Rb1+ 32. Kh2 Rxb3 33. Rxf7
e3 34. fxe3 b5 35. axb5 Rxb5 36. Kg3 Rxe5 37. Kf3 Kg6 38. Ra7 Rf5+ 39. Ke4 Rb5
40. Ra6+ Kh5 41. Ra7 Kh4 42. Kf3 Rf5+ 43. Ke4 Rb5 44. Kf3 Rf5+ 45. Ke4 1/2-1/2

[Event "2BLN 1920 SK König Tegel - Hamburger SK"]
[Site "?"]
[Date "2021.08.08"]
[Round "10.6"]
[White "Fruebing, Stefan"]
[Black "Sievers, Stefan"]
[Result "0-1"]
[WhiteElo "2406"]
[BlackElo "2343"]
[PlyCount "66"]
[EventDate "2021.??.??"]

1. e4 c5 2. Nf3 d6 3. d4 cxd4 4. Nxd4 Nf6 5. Nc3 g6 6. Be3 Nc6 7. f3 Bd7 8. Qd2
Rc8 9. O-O-O Bg7 10. Kb1 O-O 11. g4 Ne5 12. Be2 Nc4 13. Bxc4 Rxc4 14. g5 Nh5
15. Nce2 Qc7 16. c3 b5 17. Ng3 Nxg3 18. hxg3 Rb8 19. Rc1 Qb7 20. Nb3 Qc7 21.
Rh2 a5 22. Rch1 h5 23. gxh6 Be5 24. Bd4 Kh7 25. Bxe5 dxe5 26. Nxa5 Ra4 27. b4
Be6 28. Qd3 Ra3 29. Rc1 Rd8 30. Qxb5 Rb8 31. Qc6 Qxa5 32. Rcc2 Qa7 33. Rhf2 Ra6
0-1

[Event "2BLN 1920 SK König Tegel - Hamburger SK"]
[Site "?"]
[Date "2021.08.08"]
[Round "10.7"]
[White "Woelk, Tom-Frederic"]
[Black "Von Herman, Ulf"]
[Result "0-1"]
[WhiteElo "2314"]
[BlackElo "2350"]
[PlyCount "78"]
[EventDate "2021.??.??"]

1. d4 Nf6 2. c4 e6 3. Nc3 Bb4 4. f3 d5 5. a3 Be7 6. e4 dxe4 7. fxe4 e5 8. d5
Bc5 9. Nf3 Bg4 10. h3 Bxf3 11. Qxf3 Nbd7 12. Bd3 O-O 13. Bd2 c6 14. O-O-O Qb6
15. g4 Bd4 16. g5 Ne8 17. h4 Nc5 18. h5 Nd6 19. Qh3 Nxd3+ 20. Qxd3 Qb3 21. Qc2
Qxc2+ 22. Kxc2 Nxc4 23. Bc1 Ne3+ 24. Bxe3 Bxe3 25. g6 fxg6 26. hxg6 hxg6 27.
dxc6 bxc6 28. Rd6 Rf6 29. Rhd1 Raf8 30. Rd8 g5 31. Rxf8+ Kxf8 32. Ne2 g4 33.
Rd3 Rf3 34. Rd6 Kf7 35. Rxc6 g3 36. Nxg3 Rxg3 37. b4 Bd4 38. a4 Ra3 39. a5 g5
0-1

[Event "2BLN 1920 SK König Tegel - Hamburger SK"]
[Site "?"]
[Date "2021.08.08"]
[Round "10.8"]
[White "Mueller, Nick"]
[Black "Engel, Robert"]
[Result "1/2-1/2"]
[WhiteElo "2375"]
[BlackElo "2113"]
[PlyCount "91"]
[EventDate "2021.??.??"]

1. c4 Nf6 2. Nc3 e5 3. Nf3 Nc6 4. e3 Bb4 5. Qc2 O-O 6. Nd5 Be7 7. a3 h6 8. Be2
d6 9. O-O Re8 10. Nxe7+ Qxe7 11. d3 a5 12. b3 Bf5 13. Bb2 Nd7 14. Qc3 Bh7 15.
Rfe1 f5 16. d4 e4 17. Nd2 Qg5 18. f4 exf3 19. Bxf3 Nf6 20. b4 axb4 21. axb4
Rxa1 22. Bxa1 Ng4 23. Nf1 Nd8 24. b5 Kh8 25. Bb2 Nf6 26. b6 c6 27. Qa3 Bg8 28.
d5 cxd5 29. Qxd6 dxc4 30. Qc7 Ne4 31. Bd4 Qe7 32. Qf4 Qg5 33. Ng3 Nxg3 34. hxg3
Qxf4 35. gxf4 Ne6 36. Be5 Nc5 37. Ra1 Ne4 38. Rd1 Re7 39. Rd8 Kh7 40. Rc8 Bd5
41. Be2 c3 42. Bd3 Be6 43. Rd8 Rd7 44. Rxd7 Bxd7 45. Bxe4 fxe4 46. Bxc3 1/2-1/2